Statistics for Fairy Tail Mages

Click here to take the quiz!

General Stats

  • This quiz has been taken 505 times
  • The average score is 13 of 22

Answer Stats

Hint Answer % Correct
Natsu Dragneel
85%
Erza Scarlet
79%
Laxus Dreyar
76%
Gray Fullbuster
75%
Lucy Heartfilia
73%
Gajeel Redfox
72%
Makarov Dreyar
71%
Wendy
70%
Elfman Strauss
68%
Mirajane Strauss
67%
Happy
62%
Levy Mcgarden
61%
Cana Alberona
59%
Carla
55%
Lisanna Strauss
54%
Juvia Lockser
52%
Freed Justine
50%
Evergreen
45%
Gildarts Clive
41%
Pantherlily
41%
Bickslow
28%
Mystogan
20%

Score Distribution

Percentile by Number Answered

Percent of People with Each Score

Your Score History

You have not taken this quiz